000 01557nam a22002297a 4500
999 _c58017
_d58017
003 Ge_BSU
005 20220920171612.0
008 210428s2008 ge ||||| |||| 00| 0 geo d
041 _ageo
080 _a 82(111) დ-43
100 _aდიასამიძე, ივდით
_95967
245 _aტექსტის გაფორმების გრაფიკული საშუალებანი და მათი ინფორმატულობა : დისერტაცია /
_cივდით დიასამიძე; სამეცნიერო ხელმძღვანელი თ. ჯაფარიძე; ბსუ. ჰუმანიტარულ მეცნიერებათა ფაკ-ტი. ევროპეისტიკის დეპ-ტი.
264 _aბათუმი,
_c2008.
300 _a130 გვ. ;
_b30 სმ.
504 _aბიბლიოგრ. გვ. 113-118
653 _aტექსტის გაფორმების გრაფიკული საშუალებანი და მათი ინფორმატულობა
653 _aფილოლოგია
653 _aდისერტაცია
700 _aჯაფარიძე, თ.
_eსამეცნიერო ხელმძღვანელი
_910666
710 _aბსუ
_bჰუმანიტარულ მეცნიერებათა ფაკ-ტი. ევროპეისტიკის დეპ-ტი
_911694
942 _2udc
_cBK